| 000 | 00413nam a2200169Ia 4500 | ||
|---|---|---|---|
| 008 | 221030s9999 xx 000 0 und d | ||
| 020 | _a0071267823 | ||
| 041 | _aEnglish | ||
| 082 | _a105.23 | ||
| 100 | _aR. S. Pressman | ||
| 245 | 0 | _aSoftware Engineering : A Practioner`s Approach | |
| 250 | _a7th | ||
| 260 |
_bMcGraw Hill Pub. _aNew Delhi _c2010 |
||
| 300 | _a895 | ||
| 650 | _aBE Computer | ||
| 942 | _cBK | ||
| 999 |
_c6398 _d6398 |
||